| 000 | 01090nam a2200301 i 4500 | ||
|---|---|---|---|
| 003 | EG-GICUC | ||
| 005 | 20260416172557.0 | ||
| 008 | 260120s1910 enk||||fr|||| 100 0 eng d | ||
| 040 |
_a EG-GICUC _beng _c EG-GICUC _d EG-GICUC _erda |
||
| 041 | 0 | _aeng | |
| 082 | 0 | 4 |
_221 _a347.51492305 _bC O . C |
| 092 | 0 | 4 | _221 |
| 099 | _aLaw1 11 347.51492305 C O . C 1910 | ||
| 111 | 1 |
_aConference On Bills Of Exchange, _dJune 1910, _cThe Hague. _eAuthor. |
|
| 245 | 1 | 0 | _a Correspondence Relating To The Conference On Bills Of Exchange At The Hague, June 1910 . |
| 264 | 1 |
_aLondon : _bHis Majesty's Stationery Office, _c1910. |
|
| 300 |
_a149 Pages ; _c27 cm. |
||
| 336 |
_2rda content _atext |
||
| 337 |
_2rda media _aComputer |
||
| 338 |
_2rda carrier _aOnline Resource |
||
| 500 | _aPresented To Both Houses Of Parliament By Command Of His Majesty. October 1910. | ||
| 546 | _aالنص باللغة الإنجليزية | ||
| 650 | 1 |
_aCommercial law _2qrmak |
|
| 651 | 1 | _2qrmak | |
| 856 | 4 | 0 | _uhttps://fll.law.cu.edu.eg/fulltext/bks/B13-08962.pdf |
| 905 | _a62 | ||
| 942 |
_2ddc _cBK _e21 _n0 |
||
| 999 |
_c58244 _d58244 |
||